Miss Fury #11 /

FINAL ISSUE!!! With Miss Fury now allied with US Naval Intelligence she is parachuted into wartime Europe in order to track down Schauburger's laboratory in Germany. Can she find her kidnapped lover, Captain Chandler, there? And who is attacking Schauburger during his garbled ghostly messages?...

Full description

Bibliographic Details
Corporate Author: Library Pass, LLC
Other Authors: Williams, Rob (writer.)
Format: eBook
Language:English
Published: [United States] : Dynamite, 2014.
Subjects:
Online Access:Connect to this electronic book (First time users create your free account)

MARC

Tag First Indicator Second Indicator Subfields
LEADER 00000nmm a22000001a 4500
001 in00004623821
006 m|||||o||m||||||||
007 cr|cn |||uuuuu
008 221118s2014 xxu||||eo|||| ||||||eng d
005 20221207220946.3
035 |a (TxWaIVM)IV46384DyMi 
040 |a TxWaIVM  |c TxWaIVM 
245 0 0 |a Miss Fury #11 /  |c powered by Library Pass. 
260 3 |a [United States] :  |b Dynamite,  |c 2014. 
300 |a 1 online resource. 
336 |a text  |b txt  |2 rdacontent 
337 |a computer  |b c  |2 rdamedia 
338 |a online resource  |b cr  |2 rdacarrier 
520 |a FINAL ISSUE!!! With Miss Fury now allied with US Naval Intelligence she is parachuted into wartime Europe in order to track down Schauburger's laboratory in Germany. Can she find her kidnapped lover, Captain Chandler, there? And who is attacking Schauburger during his garbled ghostly messages? Nazi forces are everywhere but a war can be fought on many fronts, as Miss Fury is about to discover... 
521 |a 3 
538 |a Requires a valid library card and registration for new users. 
538 |a Mode of access: World Wide Web. 
538 |a System requirements: Flash 10.1 or higher, Windows XP and higher, Internet Explorer 7 and higher, Firefox 3.6 and higher, Google Chrome; Max OS 10.5 and higher, Safari 4 and higher. 
650 0 |a Comic books, strips, etc. 
655 7 |a Electronic books.  |2 local 
655 7 |a Comic books, strips, etc.  |2 gsafd 
650 0 |a Science fiction comic books, strips, etc. 
655 7 |a Science fiction comic books, strips, etc.  |2 gsafd 
650 0 |a Comic books, strips, etc. --Superheroes 
655 7 |a Comic books, strips, etc. --Superheroes  |2 gsafd 
700 1 |a Williams, Rob.  |e writer. 
700 1 |a Abreu, Marcio.  |e artist. 
700 1 |a Various, .  |e artist. 
710 2 |a Library Pass, LLC. 
856 4 0 |u http://proxy.library.tamu.edu/login?url=https://tamu.librarypass.com/product/com.iversecomics.dynamite.miss.fury.eleven.english.04252014  |z Connect to this electronic book (First time users create your free account)  |t 0 
955 |a Comics Plus. 
999 f f |s 1a2cd6c3-2994-47b7-abfd-736ded37b233  |i a4079039-162b-486c-8508-02ac2176bf11  |t 0 
952 f f |a Texas A&M University  |b College Station  |c Electronic Resources  |d Available Online  |t 0  |h Library of Congress classification 
998 f f |t 0  |l Available Online